Integración del sistema de monitoreo de descargas electrostáticas (IV Etapa)
Guardado en:
| Hovedforfatter: | |
|---|---|
| Format: | Bog |
| Udgivet: |
San José, C.R.
2004
|
| Fag: | |
| Tags: |
Tilføj Tag
Ingen Tags, Vær først til at tagge denne postø!
|
MARC
| LEADER | 00000nam a2200000Ia 4500 | ||
|---|---|---|---|
| 003 | 009307 | ||
| 005 | 20221231144140.0 | ||
| 008 | 140114s2004 cr a m 000 ||s d | ||
| 040 | |c cru CEDI | ||
| 090 | |a TFG 4846 | ||
| 100 | |a Espinoza Mekbel, Edwin |9 5391 | ||
| 245 | |a Integración del sistema de monitoreo de descargas electrostáticas (IV Etapa) | ||
| 260 | |a San José, C.R. |c 2004 | ||
| 300 | |a iv, 49 hojas : ilustraciones a color | ||
| 500 | |a Proyecto de graduación (bachillerato en ingeniería eléctrica)--Universidad de Costa Rica. Facultad de Ingeniería. Escuela de Ingeniería Eléctrica | ||
| 650 | |x SEMICONDUCTORES |x DESCARGAS ELECTRICAS |x ELECTROSTATICA |x INTERFASES GRAFICAS CON EL USUARIO (SISTEMAS PARA COMPUTADORA) |9 6559 | ||
| 942 | |c TFG | ||
| 999 | |c 17587 |d 17587 | ||
